| 000 | 00490cam a22001457a 4500 | ||
|---|---|---|---|
| 008 | 180718b1990 xxu||||| |||| 00| 0 eng d | ||
| 082 | _aAPPPA 89-90 RAN | ||
| 100 | _aRana, N.N.S. | ||
| 245 |
_aWorking participation in management: a study on northern railway _cby N.N.S. Rana |
||
| 260 |
_aNew Delhi _bIndian Institute of Public Administration _c1990 |
||
| 300 | _a292p. | ||
| 650 | _aNorthern railway | ||
| 650 | _aWorking participation-India | ||
| 650 | _aWorking participation-Management | ||
| 999 |
_c501529 _d501529 |
||